00301nam a22000977a 4500008004100000020001900041082002000060245006800080260004700148300000800195230620b xxu||||| |||| 00| 0 eng d a978 9966092342 a320.5bIEA 2015 aInstitutionalising Social Accountability in Devolved Governance aKenyabInstitute of Economic Affairsc2015 a40p